Padrons municipals d'habitants de Catalunya : 1986 : Nivell d'instrucció de la població 1986 :
Publicado:
Barcelona :
CIDC. Consorci d'Informació i Documentació de Catalunya. Departament de Producció Estadística, dl 1988
Descripción Física:
278 p. ; 30 cm
Materias:
Catalunya -- Població -- 1986
MARC
| LEADER | 00000nam a2200000Ia 4500 | ||
|---|---|---|---|
| 001 | 9161 | ||
| 008 | 160829s9999 xx 000 0 cat d | ||
| 080 | |a M-1-98 | ||
| 245 | |a Padrons municipals d'habitants de Catalunya : |b 1986 : |b Nivell d'instrucció de la població | ||
| 260 | |a Barcelona : |b CIDC. Consorci d'Informació i Documentació de Catalunya. Departament de Producció Estadística, dl 1988 | ||
| 300 | |a 278 p. ; |c 30 cm | ||
| 650 | |a Catalunya |x Població |x 1986 |9 22176 | ||
| 901 | |a Arxiu | ||
| 942 | |n 1 | ||
| 952 | |0 0 |1 0 |4 0 |6 M198 |7 1 |9 42093 |a Arxiu |b Arxiu |d 2016-12-01 |l 0 |o M-1-98 |p 9161 |r 2016-12-01 00:00:00 |w 2016-12-01 |y ARXIU | ||
| 999 | |c 44540 |d 44540 | ||